<?xml version="1.0" encoding="UTF-8"?>
<record
    xmlns:xsi="http://www.w3.org/2001/XMLSchema-instance"
    xsi:schemaLocation="http://www.loc.gov/MARC21/slim http://www.loc.gov/standards/marcxml/schema/MARC21slim.xsd"
    xmlns="http://www.loc.gov/MARC21/slim">

  <leader>00687nam a22001937a 4500</leader>
  <controlfield tag="003">3228</controlfield>
  <controlfield tag="005">20260129094315.0</controlfield>
  <controlfield tag="008">220221b        sa ||||| |||| 00| 0 eng d</controlfield>
  <datafield tag="020" ind1=" " ind2=" ">
    <subfield code="a">9781919709116(paperback)</subfield>
  </datafield>
  <datafield tag="040" ind1=" " ind2=" ">
    <subfield code="b">English</subfield>
    <subfield code="c">Manual</subfield>
    <subfield code="e">RDA</subfield>
    <subfield code="d">3228</subfield>
    <subfield code="a">Manual</subfield>
  </datafield>
  <datafield tag="041" ind1=" " ind2=" ">
    <subfield code="a">Setswana</subfield>
  </datafield>
  <datafield tag="082" ind1=" " ind2=" ">
    <subfield code="a">900 SETH</subfield>
  </datafield>
  <datafield tag="100" ind1=" " ind2=" ">
    <subfield code="a">Sethuunya M.K</subfield>
    <subfield code="9">130477</subfield>
  </datafield>
  <datafield tag="245" ind1=" " ind2=" ">
    <subfield code="a">Bakgatla ba Mmamethlake ba ga Kgosi Mokgolo :</subfield>
    <subfield code="b">(Tlholego ya Merafe wa Mmametlhake) /</subfield>
    <subfield code="c">Sethunya Moss Kgafela</subfield>
  </datafield>
  <datafield tag="250" ind1=" " ind2=" ">
    <subfield code="a">First edition.</subfield>
  </datafield>
  <datafield tag="260" ind1=" " ind2=" ">
    <subfield code="a">Garankua,Gauteng Province:</subfield>
    <subfield code="b">Century-Turn Book  Publishers;</subfield>
    <subfield code="c">&#xA9;2019.</subfield>
  </datafield>
  <datafield tag="300" ind1=" " ind2=" ">
    <subfield code="a">xii,225pages.:</subfield>
    <subfield code="c">21cm.</subfield>
  </datafield>
  <datafield tag="942" ind1=" " ind2=" ">
    <subfield code="2">ddc</subfield>
    <subfield code="c">BOOK</subfield>
    <subfield code="h">900</subfield>
    <subfield code="i">SETH</subfield>
    <subfield code="k">900 SETHU</subfield>
    <subfield code="y">166</subfield>
    <subfield code="z">Thoko Moyakene</subfield>
  </datafield>
  <datafield tag="999" ind1=" " ind2=" ">
    <subfield code="c">630733</subfield>
    <subfield code="d">630732</subfield>
  </datafield>
  <datafield tag="952" ind1=" " ind2=" ">
    <subfield code="0">0</subfield>
    <subfield code="1">0</subfield>
    <subfield code="2">ddc</subfield>
    <subfield code="4">0</subfield>
    <subfield code="7">0</subfield>
    <subfield code="8">900</subfield>
    <subfield code="a">KWAML</subfield>
    <subfield code="b">MASOBL</subfield>
    <subfield code="c">GEN</subfield>
    <subfield code="d">2022-02-21</subfield>
    <subfield code="l">0</subfield>
    <subfield code="o">900 SETH</subfield>
    <subfield code="p">33228031022571</subfield>
    <subfield code="r">2022-02-21</subfield>
    <subfield code="w">2022-02-21</subfield>
    <subfield code="y">BOOK</subfield>
  </datafield>
  <datafield tag="952" ind1=" " ind2=" ">
    <subfield code="0">0</subfield>
    <subfield code="1">0</subfield>
    <subfield code="2">ddc</subfield>
    <subfield code="4">0</subfield>
    <subfield code="7">0</subfield>
    <subfield code="8">900</subfield>
    <subfield code="a">KWAML</subfield>
    <subfield code="b">MASOBL</subfield>
    <subfield code="c">GEN</subfield>
    <subfield code="d">2022-04-13</subfield>
    <subfield code="l">0</subfield>
    <subfield code="o">900 SETH</subfield>
    <subfield code="p">33228031057316</subfield>
    <subfield code="r">2022-04-13</subfield>
    <subfield code="w">2022-04-13</subfield>
    <subfield code="y">BOOK</subfield>
  </datafield>
  <datafield tag="952" ind1=" " ind2=" ">
    <subfield code="0">0</subfield>
    <subfield code="1">0</subfield>
    <subfield code="2">ddc</subfield>
    <subfield code="4">0</subfield>
    <subfield code="7">0</subfield>
    <subfield code="8">900</subfield>
    <subfield code="a">KWAML</subfield>
    <subfield code="b">MARAL</subfield>
    <subfield code="c">GEN</subfield>
    <subfield code="d">2022-04-28</subfield>
    <subfield code="l">0</subfield>
    <subfield code="o">900 SETH</subfield>
    <subfield code="p">33228031021191</subfield>
    <subfield code="r">2022-04-28</subfield>
    <subfield code="w">2022-04-28</subfield>
    <subfield code="y">BOOK</subfield>
  </datafield>
  <datafield tag="952" ind1=" " ind2=" ">
    <subfield code="0">0</subfield>
    <subfield code="1">0</subfield>
    <subfield code="2">ddc</subfield>
    <subfield code="4">0</subfield>
    <subfield code="7">0</subfield>
    <subfield code="8">900</subfield>
    <subfield code="a">KWAML</subfield>
    <subfield code="b">MARAL</subfield>
    <subfield code="c">GEN</subfield>
    <subfield code="d">2022-05-17</subfield>
    <subfield code="l">0</subfield>
    <subfield code="o">900 SETH</subfield>
    <subfield code="p">33228031021240</subfield>
    <subfield code="r">2022-05-17</subfield>
    <subfield code="w">2022-05-17</subfield>
    <subfield code="y">BOOK</subfield>
  </datafield>
  <datafield tag="952" ind1=" " ind2=" ">
    <subfield code="0">0</subfield>
    <subfield code="1">0</subfield>
    <subfield code="2">ddc</subfield>
    <subfield code="4">0</subfield>
    <subfield code="7">0</subfield>
    <subfield code="8">900</subfield>
    <subfield code="a">KWAML</subfield>
    <subfield code="b">SIYABL</subfield>
    <subfield code="c">GEN</subfield>
    <subfield code="d">2022-06-07</subfield>
    <subfield code="l">0</subfield>
    <subfield code="o">900 SETH</subfield>
    <subfield code="p">3328031021867</subfield>
    <subfield code="r">2022-06-07</subfield>
    <subfield code="w">2022-06-07</subfield>
    <subfield code="y">BOOK</subfield>
  </datafield>
</record>
